00350cam a22001217a 4500008004000000082001200040100002100052245007300073250001300146260002700159300001000186650003200196180718b1956 xxu||||| |||| 00| 0 eng d aK9 B625 aBlum, Milton, L. aIndustrial psychology and its social foundationscby Milton, L. Blum arev. ed. aNew YorkbHarperc1956 a612p. aIndustrial psychology --USA